000 00904nam a2200265 a 4500
001 BRCA_5456
005 20190320205103.0
008 150110s1913----nyuac#####---#000-0#eng-#
041 _aeng
044 _anyu
050 4 _aND623.R3
_b.R34 1913
245 1 0 _aThe work of Raffael
_breproduced in over two hundred ilustrations
_cWhit a biographical introduction abridged from Adolf Rosenberg
260 _aNueva York
_bBretano´s
_c1913
300 _a17 p., 214 p de láminas
_bil., retratos, láminas
_c26 cm.
440 0 _aClassics in art series
_v1
_913938
500 _aIncluye más de 200 ilustraciones e introducción biográfica
500 _aEdición con cabeza dorada
500 _aM37
600 1 4 _aRaffaelle Sanzio
_d1483-1520
_913939
650 1 4 _aPintores italianos
_97654
650 1 4 _apinturas italianas
_912941
700 1 _aRosenberg, Adolf
_913616
902 _aGFM
942 _2lcc
_cB
999 _c5150
_d5150